[Event "XXIX Miedzynarodowy Festiwal Szachowy CRACOVIA-2018 Grupa B"]
[Site "Krakow, Hotel Galaxy, ul. Gesia 22a"]
[Date "2018.12.28"]
[Round "2.28"]
[White "Marzec, Karol"]
[Black "Lobunets, Vladimir"]
[Result "1/2-1/2"]
[WhiteElo "1996"]
[BlackElo "1801"]
[PlyCount "54"]
[EventDate "2018.??.??"]

1. e4 c6 2. d4 d5 3. exd5 cxd5 4. c4 Nc6 5. Nf3 Nf6 6. Nc3 Bg4 7. cxd5 Nxd5 8.
Be2 e6 9. h3 Bh5 10. O-O Be7 11. Ne5 Bxe2 12. Nxc6 Bxd1 13. Nxd8 Rxd8 14. Rxd1
Nb4 15. Be3 Nc2 16. Rac1 Nxe3 17. fxe3 Bg5 18. Kf2 f5 19. Ne2 O-O 20. Nf4 Bxf4
21. exf4 Rd7 22. Ke3 Rfd8 23. Rc2 Kf7 24. g4 fxg4 25. hxg4 h6 26. Ke4 Kf6 27.
Rc5 Rd5 1/2-1/2

[Event "XXIX Miedzynarodowy Festiwal Szachowy CRACOVIA-2018 Grupa B"]
[Site "Krakow, Hotel Galaxy, ul. Gesia 22a"]
[Date "2018.12.28"]
[Round "2.29"]
[White "Landl, Margot"]
[Black "Borowski, Przemyslaw"]
[Result "1-0"]
[WhiteElo "1975"]
[BlackElo "1817"]
[PlyCount "47"]
[EventDate "2018.??.??"]

1. e4 c6 2. d4 d5 3. Nc3 dxe4 4. Nxe4 Nd7 5. Ng5 Ngf6 6. Bd3 e5 7. Bc4 Nd5 8.
Qf3 Qe7 9. Ne2 f6 10. Ne4 Qb4+ 11. Nd2 N7b6 12. c3 Qd6 13. Bb3 Qc7 14. O-O Be6
15. c4 Ne7 16. dxe5 fxe5 17. c5 Nbd5 18. Ne4 Ng6 19. Bg5 h6 20. Be3 O-O-O 21.
N4c3 Be7 22. Nxd5 Bxd5 23. Qf5+ Kb8 24. Qxg6 1-0

[Event "XXIX Miedzynarodowy Festiwal Szachowy CRACOVIA-2018 Grupa B"]
[Site "Krakow, Hotel Galaxy, ul. Gesia 22a"]
[Date "2018.12.28"]
[Round "2.30"]
[White "Kosturkiewicz, Jacek"]
[Black "Vasilenko, Ekaterina"]
[Result "1-0"]
[WhiteElo "1972"]
[BlackElo "1791"]
[PlyCount "115"]
[EventDate "2018.??.??"]

1. e4 e6 2. d4 d5 3. Nc3 Nf6 4. Bg5 Be7 5. e5 Nfd7 6. Bxe7 Qxe7 7. Qd2 a6 8. f4
c5 9. Nf3 Nc6 10. dxc5 Qxc5 11. O-O-O b5 12. Ne2 Nb6 13. Ned4 Nc4 14. Bxc4 bxc4
15. Nxc6 Qxc6 16. Qb4 Bd7 17. Rhe1 a5 18. Qa3 Qa4 19. Qxa4 Bxa4 20. b3 Bb5 21.
Nd4 Ba6 22. Re3 Kd7 23. Kb2 Rhc8 24. Rd2 Rab8 25. a3 Rb6 26. Rf2 cxb3 27. cxb3
Rc4 28. Rd2 Rc8 29. Rc2 Rxc2+ 30. Kxc2 Rb8 31. Rc3 Rb6 32. Rc5 Bf1 33. g3 Ra6
34. Kc3 f6 35. a4 Ra7 36. b4 axb4+ 37. Kxb4 Rb7+ 38. Nb5 d4 39. Rc2 fxe5 40.
fxe5 d3 41. Rf2 Be2 42. Rf7+ Kc6 43. Rxb7 Kxb7 44. Kc3 d2 45. Nd6+ Kc6 46. Kxd2
Ba6 47. Ke3 Kd5 48. Kf4 h6 49. h4 Kc5 50. h5 Bd3 51. Ne8 g6 52. Ng7 Kd5 53.
hxg6 Bxg6 54. g4 Bf7 55. a5 Kc5 56. Ke3 Kb5 57. Kd4 Kxa5 58. Kc5 1-0

[Event "XXIX Miedzynarodowy Festiwal Szachowy CRACOVIA-2018 Grupa B"]
[Site "Krakow, Hotel Galaxy, ul. Gesia 22a"]
[Date "2018.12.28"]
[Round "2.31"]
[White "Szwaj, Jacek"]
[Black "Kalosha, Zhiulien Oleksii"]
[Result "1-0"]
[WhiteElo "1968"]
[BlackElo "1795"]
[PlyCount "95"]
[EventDate "2018.??.??"]

1. f4 d5 2. Nf3 e6 3. e3 c5 4. Be2 Nc6 5. O-O Bd6 6. b3 Nge7 7. Bb2 O-O 8. Qe1
f6 9. c4 d4 10. exd4 cxd4 11. g3 d3 12. Bd1 e5 13. fxe5 fxe5 14. Ng5 Qb6+ 15.
Kg2 Rxf1 16. Qxf1 Bf5 17. Nc3 Rf8 18. Qe1 Nd4 19. Nce4 h6 20. Nxd6 Qxd6 21. Nf3
Nec6 22. Nh4 Bh7 23. Nf3 e4 24. Nxd4 Nxd4 25. Qe3 Nc6 26. Bg4 Qg6 27. Bh3 b6
28. Rf1 Rxf1 29. Kxf1 Qf7+ 30. Qf2 Nb4 31. Qxf7+ Kxf7 32. Kf2 g5 33. Ba3 Nc2
34. Bd6 h5 35. Bd7 Bg6 36. c5 bxc5 37. Bxc5 a6 38. Bc8 a5 39. Bb6 Ke7 40. Bxa5
h4 41. Bc3 Kd8 42. Bg4 hxg3+ 43. hxg3 Bf7 44. Bf6+ Kc7 45. Bxg5 Nb4 46. Ke3
Nxa2 47. Kxe4 Bxb3 48. Kxd3 1-0

[Event "XXIX Miedzynarodowy Festiwal Szachowy CRACOVIA-2018 Grupa B"]
[Site "Krakow, Hotel Galaxy, ul. Gesia 22a"]
[Date "2018.12.28"]
[Round "2.32"]
[White "Jankowiak, Piotr"]
[Black "Rogala, Milosz"]
[Result "1-0"]
[WhiteElo "1952"]
[BlackElo "1738"]
[PlyCount "127"]
[EventDate "2018.??.??"]

1. e4 e5 2. Nf3 Nc6 3. Bc4 Bc5 4. O-O Nf6 5. d3 h6 6. c3 d6 7. h3 Bb6 8. Nbd2
O-O 9. Bb3 Na5 10. Bc2 Be6 11. b4 Nc6 12. Re1 a6 13. Nf1 Ne7 14. d4 Ng6 15. Ng3
Qc8 16. Nf5 Re8 17. Be3 Kh7 18. g4 exd4 19. cxd4 d5 20. e5 Ne4 21. Ng3 Nxg3 22.
fxg3 Kh8 23. Nh4 Nxh4 24. gxh4 Qd8 25. Qd3 g6 26. h5 Qh4 27. Bf2 Qg5 28. hxg6
Rg8 29. gxf7 Rg7 30. Qe3 Qxe3 31. Bxe3 h5 32. Rf1 Bxf7 33. g5 Bg6 34. Bxg6 Rxg6
35. Kg2 Kg7 36. Rf5 Rf8 37. Rxf8 Kxf8 38. Rf1+ Kg7 39. Rc1 c6 40. Kg3 Re6 41.
Rf1 Bd8 42. Bd2 Be7 43. a4 b6 44. Rb1 Kg6 45. h4 c5 46. bxc5 bxc5 47. Be3 cxd4
48. Bxd4 Kf5 49. Kf3 Rc6 50. Rb7 Bc5 51. Rf7+ Kg6 52. Rf4 Bxd4 53. Rxd4 Kf5 54.
Rxd5 Rc3+ 55. Ke2 Rc4 56. Ra5 Rxh4 57. Rxa6 Re4+ 58. Kf3 Rxe5 59. g6 Re7 60. a5
Rg7 61. Rb6 Ra7 62. a6 Rg7 63. Rb7 Rxg6 64. Rb5+ 1-0

[Event "XXIX Miedzynarodowy Festiwal Szachowy CRACOVIA-2018 Grupa B"]
[Site "Krakow, Hotel Galaxy, ul. Gesia 22a"]
[Date "2018.12.28"]
[Round "2.33"]
[White "Grishchenko, Mihail"]
[Black "Dziewonski, Dariusz"]
[Result "1/2-1/2"]
[WhiteElo "1936"]
[BlackElo "1757"]
[PlyCount "126"]
[EventDate "2018.??.??"]

1. e4 c5 2. b3 e6 3. Bb2 Nc6 4. Nf3 Nf6 5. e5 Nd5 6. c4 Nde7 7. Nc3 Ng6 8. Nb5
b6 9. Be2 Bb7 10. Qc2 Be7 11. O-O-O Nb4 12. Qb1 O-O 13. a3 Nc6 14. Bd3 a6 15.
Nd6 Qc7 16. h4 f5 17. Nxb7 Qxb7 18. h5 Nh8 19. Qc2 b5 20. g4 Na5 21. gxf5 bxc4
22. bxc4 exf5 23. Nh4 Nb3+ 24. Kb1 Nd4 25. Qc3 Rab8 26. f3 Qb3 27. Rc1 Rb6 28.
Qxb3 Rxb3 29. Rc3 Bxh4 30. Rxh4 Rb6 31. Ka2 Nxf3 32. Rh1 Nxd2 33. Rd1 Ne4 34.
Bxe4 fxe4 35. Bc1 Rf7 36. Be3 Rc6 37. Rb3 Rc7 38. Rd6 h6 39. Rxa6 Kh7 40. Rb5
Rf5 41. Rd6 Rxh5 42. Rd5 Rh3 43. Rb3 Rf3 44. Rxc5 Rxc5 45. Bxc5 Rf4 46. a4 e3
47. Bxe3 Rxc4 48. a5 Rc6 49. Bb6 Nf7 50. a6 Nxe5 51. a7 Rc8 52. Bc7 Nc6 53. Bb8
Nxa7 54. Bxa7 Ra8 55. Rb7 Rf8 56. Rxd7 Kg6 57. Bd4 Rf7 58. Rd6+ Kf5 59. Kb3 h5
60. Kc4 g5 61. Kd3 h4 62. Rd5+ Kg4 63. Be3 Rf5 1/2-1/2

[Event "XXIX Miedzynarodowy Festiwal Szachowy CRACOVIA-2018 Grupa B"]
[Site "Krakow, Hotel Galaxy, ul. Gesia 22a"]
[Date "2018.12.28"]
[Round "2.34"]
[White "Kalkowski, Igor"]
[Black "Serra Azul Neto, Francisco"]
[Result "1-0"]
[WhiteElo "1716"]
[BlackElo "1915"]
[PlyCount "69"]
[EventDate "2018.??.??"]

1. e4 d5 2. Nc3 d4 3. Nce2 g6 4. Ng3 Nd7 5. Nf3 Bg7 6. Bc4 Nb6 7. Bb3 Nf6 8. a4
a5 9. O-O O-O 10. d3 Bg4 11. h3 Bxf3 12. Qxf3 Nfd7 13. Qg4 Nc5 14. f4 Nxb3 15.
cxb3 Nd7 16. Rf3 Nc5 17. Ra3 e6 18. f5 exf5 19. exf5 Re8 20. Bg5 Qd5 21. f6 Bh8
22. Nf5 Re1+ 23. Kf2 gxf5 24. Qg3 f4 25. Bxf4+ Kf8 26. Kxe1 Qe6+ 27. Kd1 Bxf6
28. Bh6+ Ke7 29. Rxf6 Qd7 30. Qe5+ Ne6 31. Bg5 Kf8 32. Rxe6 fxe6 33. Qh8+ Kf7
34. Qxh7+ Ke8 35. Qg8# 1-0

[Event "XXIX Miedzynarodowy Festiwal Szachowy CRACOVIA-2018 Grupa B"]
[Site "Krakow, Hotel Galaxy, ul. Gesia 22a"]
[Date "2018.12.28"]
[Round "2.35"]
[White "Fronczak, Sebastian"]
[Black "Wasik, Mateusz"]
[Result "1-0"]
[WhiteElo "1912"]
[BlackElo "1693"]
[PlyCount "85"]
[EventDate "2018.??.??"]

1. e4 c5 2. Nf3 Nc6 3. c3 d5 4. exd5 Qxd5 5. d4 e6 6. Na3 Nf6 7. Nb5 Qd8 8.
dxc5 Bxc5 9. Qxd8+ Kxd8 10. Bf4 Nd5 11. Rd1 Bd7 12. Bg3 Ke7 13. Be2 Rac8 14.
O-O a6 15. Nbd4 f6 16. Rfe1 Kf7 17. Bc4 Nce7 18. Bb3 g5 19. Re4 Rhg8 20. h3 h5
21. Rde1 e5 22. Bxe5 fxe5 23. Nxe5+ Ke8 24. Nd3 Kd8 25. Nxc5 Rxc5 26. c4 Nb6
27. Rxe7 Nxc4 28. Ne6+ Bxe6 29. R7xe6 Na5 30. Rxa6 Nxb3 31. Ra8+ Rc8 32. Rxc8+
Kxc8 33. axb3 g4 34. Kh2 Rg5 35. Rd1 h4 36. hxg4 Rxg4 37. Kh3 Rb4 38. Rd3 Kc7
39. g4 hxg3 40. fxg3 Kc6 41. g4 Kc5 42. g5 Re4 43. g6 1-0

[Event "XXIX Miedzynarodowy Festiwal Szachowy CRACOVIA-2018 Grupa B"]
[Site "Krakow, Hotel Galaxy, ul. Gesia 22a"]
[Date "2018.12.28"]
[Round "2.36"]
[White "Cichon, Jakub"]
[Black "Wilk, Tomasz"]
[Result "1-0"]
[WhiteElo "1558"]
[BlackElo "1911"]
[PlyCount "57"]
[EventDate "2018.??.??"]

1. e4 c5 2. Nf3 Nc6 3. c3 Nf6 4. e5 Nd5 5. Bc4 Nb6 6. Bb3 d6 7. exd6 Qxd6 8.
O-O c4 9. Bc2 Bg4 10. d4 cxd3 11. Bxd3 Rd8 12. Be2 Qg6 13. Qb3 e5 14. Re1 Bc5
15. Nxe5 Nxe5 16. Qb5+ Nbd7 17. Bxg4 O-O 18. Bd1 Nd3 19. Bc2 Qf6 20. Rf1 a6 21.
Qxd3 g6 22. Qg3 Qe6 23. Nd2 Nf6 24. Nf3 Nh5 25. Qh4 Qe2 26. Bb3 Rfe8 27. Bg5
Rc8 28. Rab1 Kg7 29. Nd4 1-0

[Event "XXIX Miedzynarodowy Festiwal Szachowy CRACOVIA-2018 Grupa B"]
[Site "Krakow, Hotel Galaxy, ul. Gesia 22a"]
[Date "2018.12.28"]
[Round "2.37"]
[White "Ociepka, Tomasz"]
[Black "Zielinski, Marcin"]
[Result "1-0"]
[WhiteElo "1907"]
[BlackElo "1576"]
[PlyCount "103"]
[EventDate "2018.??.??"]

1. e4 c6 2. c4 d5 3. cxd5 cxd5 4. exd5 Nf6 5. Bb5+ Nbd7 6. Nc3 a6 7. Qa4 g6 8.
Nf3 Bg7 9. O-O O-O 10. Bxd7 Nxd7 11. d4 b5 12. Qb3 Bb7 13. a4 Qa5 14. Be3 b4
15. Na2 Bxd5 16. Qxb4 Qxb4 17. Nxb4 Bxf3 18. gxf3 Nf6 19. Nc6 Nd5 20. b4 Rfc8
21. b5 axb5 22. axb5 Bf6 23. Rfc1 Rxa1 24. Rxa1 Rc7 25. Bd2 Rb7 26. Bh6 Nb6 27.
Ra6 g5 28. f4 gxf4 29. Na5 Rb8 30. Bxf4 Ra8 31. Bc7 Rxa6 32. bxa6 Na8 33. Be5
Bxe5 34. dxe5 Kg7 35. Nc6 e6 36. Kg2 Kg6 37. Ne7+ Kg5 38. Kg3 f5 39. f4+ Kh5
40. Nc6 Nc7 41. a7 Kg6 42. Kh4 Kf7 43. Kh5 Na8 44. Kh6 Nc7 45. Nd4 Na8 46. Kxh7
Nc7 47. Kh6 Na8 48. Kg5 Nb6 49. h4 Na8 50. h5 Kg7 51. Nxe6+ Kh7 52. Nd4 1-0

[Event "XXIX Miedzynarodowy Festiwal Szachowy CRACOVIA-2018 Grupa B"]
[Site "Krakow, Hotel Galaxy, ul. Gesia 22a"]
[Date "2018.12.28"]
[Round "2.38"]
[White "Czaplewska, Klara"]
[Black "Mirowska, Oliwia"]
[Result "1-0"]
[WhiteElo "1890"]
[BlackElo "1720"]
[PlyCount "119"]
[EventDate "2018.??.??"]

1. e4 d6 2. d4 g6 3. g3 Nf6 4. Bg2 c6 5. Ne2 Nbd7 6. Nbc3 a6 7. h3 Qc7 8. Be3
b5 9. a3 Bb7 10. O-O e5 11. f4 exd4 12. Qxd4 c5 13. Qd3 O-O-O 14. a4 b4 15. Nd1
Bg7 16. Nf2 Rhe8 17. g4 Ng8 18. Rfd1 Bxb2 19. Rab1 Bf6 20. Qxd6 Qxd6 21. Rxd6
Be7 22. Rd3 Nb6 23. Ra1 Nc4 24. Bc1 a5 25. e5 Ba6 26. Ng3 Kc7 27. Nfe4 f6 28.
exf6 Nxf6 29. Ng5 Bd6 30. N3e4 Nxe4 31. Nxe4 Bf8 32. Nf6 Re2 33. Nxh7 Bg7 34.
Rb1 Bd4+ 35. Kh1 Rxc2 36. Be4 Re2 37. Ng5 Re8 38. Bxg6 Bb7+ 39. Nf3 Rh8 40. Bh5
Rf2 41. Rbb3 Be4 42. f5 Rf1+ 43. Kh2 Rxc1 44. Nxd4 Bxd3 45. Ne6+ Kd6 46. Rxd3+
Ke5 47. Nxc5 Kf4 48. f6 Rc2+ 49. Kg1 Ne3 50. Ne6+ Kf3 51. Nd4+ Kf4 52. Nxc2
Nxc2 53. f7 Rb8 54. Rd5 Ne3 55. Rxa5 Rd8 56. Kf2 b3 57. Rb5 Nd1+ 58. Ke1 b2 59.
f8=Q+ Rxf8 60. Kxd1 1-0

[Event "XXIX Miedzynarodowy Festiwal Szachowy CRACOVIA-2018 Grupa B"]
[Site "Krakow, Hotel Galaxy, ul. Gesia 22a"]
[Date "2018.12.28"]
[Round "2.39"]
[White "Bugaev, Anton"]
[Black "Szalko, Maciej"]
[Result "1/2-1/2"]
[WhiteElo "1722"]
[BlackElo "1889"]
[PlyCount "155"]
[EventDate "2018.??.??"]

1. d4 Nf6 2. Nf3 g6 3. c4 Bg7 4. Nc3 d5 5. e3 O-O 6. b4 a5 7. b5 c5 8. bxc6
Nxc6 9. Be2 Be6 10. Qb3 Rb8 11. O-O Qd7 12. c5 Ne4 13. Rd1 Rfd8 14. Na4 Qc7 15.
Bb2 g5 16. Nd2 Nf6 17. Qb6 Qd7 18. Bb5 Kh8 19. Nb3 Bg4 20. f3 Qe6 21. Re1 Bf5
22. Bxc6 bxc6 23. Qxa5 Ra8 24. Qb4 g4 25. f4 g3 26. Nb6 gxh2+ 27. Kxh2 Ng4+ 28.
Kg1 Qh6 29. Qd2 Qh2+ 30. Kf1 Qh1+ 31. Ke2 Qxg2+ 32. Kd1 Nf2+ 33. Kc1 Nd3+ 34.
Kd1 Nxb2+ 35. Kc1 Nd3+ 36. Kd1 Bg4+ 37. Re2 Nf2+ 38. Kc2 Bxe2 39. Qxe2 Qg3 40.
Nxa8 Rxa8 41. Kb2 Ng4 42. Re1 h5 43. Qd2 h4 44. Na5 Rc8 45. e4 dxe4 46. Rxe4
Qf2 47. Nb3 Rb8 48. Kc1 Rxb3 49. axb3 Qxd2+ 50. Kxd2 Nf2 51. Re1 Bxd4 52. b4 h3
53. b5 cxb5 54. c6 Bb6 55. Ke2 Ng4 56. Kf3 Nf2 57. c7 Bxc7 58. Kxf2 Bd6 59. Rh1
Kg7 60. Rxh3 Kf6 61. Rb3 b4 62. Kf3 Kf5 63. Rb1 f6 64. Rb3 Bc5 65. Rd3 e5 66.
Rd5 Bd4 67. fxe5 fxe5 68. Rb5 Bc3 69. Ke3 Ke6 70. Ke4 Kd6 71. Rb7 Kc5 72. Kd3
Bd4 73. Rb8 Bc3 74. Rb7 Kd5 75. Rb5+ Kd6 76. Rb7 Kc6 77. Rb8 Kc7 78. Rb5
1/2-1/2

[Event "XXIX Miedzynarodowy Festiwal Szachowy CRACOVIA-2018 Grupa B"]
[Site "Krakow, Hotel Galaxy, ul. Gesia 22a"]
[Date "2018.12.28"]
[Round "2.40"]
[White "Slezinski, Nikodem"]
[Black "Pilch, Anna"]
[Result "1-0"]
[WhiteElo "2074"]
[BlackElo "1838"]
[PlyCount "65"]
[EventDate "2018.??.??"]

1. e4 c5 2. Nc3 Nc6 3. Bb5 g6 4. Bxc6 dxc6 5. d3 Bg7 6. f4 Nf6 7. h3 Qc7 8. Nf3
Nh5 9. Ne2 Bd7 10. a4 Qb6 11. a5 Qc7 12. O-O O-O-O 13. Be3 Bxb2 14. Ra2 Bg7 15.
e5 Bf8 16. Bxc5 Kb8 17. Qc1 Qc8 18. Qe3 a6 19. Rb1 Be6 20. Rab2 Rd7 21. Rb6 Ka8
22. Ng5 Ng7 23. Nc3 h6 24. Nge4 Ne8 25. Na4 Kb8 26. Rxa6 Qd8 27. Ba7+ Kc8 28.
Bb6 Nc7 29. Ra8+ Nxa8 30. Bxd8 Rxd8 31. Qa7 Kd7 32. Rxb7+ Ke8 33. Rb8 1-0

[Event "XXIX Miedzynarodowy Festiwal Szachowy CRACOVIA-2018 Grupa B"]
[Site "Krakow, Hotel Galaxy, ul. Gesia 22a"]
[Date "2018.12.28"]
[Round "2.41"]
[White "Stebel, Agata"]
[Black "Nasirov, Ruslan"]
[Result "1-0"]
[WhiteElo "1830"]
[BlackElo "2062"]
[PlyCount "33"]
[EventDate "2018.??.??"]

1. e4 c5 2. c3 Nf6 3. e5 Nd5 4. d4 cxd4 5. cxd4 Nc6 6. Nf3 d6 7. Bc4 e6 8. O-O
Be7 9. Bd2 O-O 10. Nc3 Nb6 11. Bb3 dxe5 12. dxe5 Nd4 13. Nxd4 Qxd4 14. Qe2 Bd7
15. Rfd1 Qh4 16. Be3 Bc6 17. Rd4 1-0

[Event "XXIX Miedzynarodowy Festiwal Szachowy CRACOVIA-2018 Grupa B"]
[Site "Krakow, Hotel Galaxy, ul. Gesia 22a"]
[Date "2018.12.28"]
[Round "2.42"]
[White "Skomial, Mateusz"]
[Black "Manko, Mariya"]
[Result "1-0"]
[WhiteElo "2050"]
[BlackElo "1814"]
[PlyCount "51"]
[EventDate "2018.??.??"]

1. e4 d5 2. exd5 Qxd5 3. d4 Nf6 4. Nc3 Qd8 5. h3 c6 6. Nf3 Bf5 7. Bc4 e6 8. Nh4
Bxc2 9. Qxc2 Qxd4 10. Qb3 Qxh4 11. Qxb7 Qxc4 12. Qc8+ Ke7 13. Qb7+ Nbd7 14.
Qxa8 Nc5 15. Ne2 Qc2 16. O-O Qxe2 17. Qxa7+ Ncd7 18. Bg5 Qb5 19. Bxf6+ gxf6 20.
Rfd1 c5 21. Qc7 Bh6 22. a4 Qxb2 23. Rxd7+ Kf8 24. Rxf7+ Kg8 25. Rd1 Bf8 26.
Rxf8+ 1-0

[Event "XXIX Miedzynarodowy Festiwal Szachowy CRACOVIA-2018 Grupa B"]
[Site "Krakow, Hotel Galaxy, ul. Gesia 22a"]
[Date "2018.12.28"]
[Round "2.43"]
[White "Jamroz, Krzysztof"]
[Black "Planeta, Wojciech"]
[Result "0-1"]
[WhiteElo "2036"]
[BlackElo "1812"]
[PlyCount "102"]
[EventDate "2018.??.??"]

1. e4 e6 2. d4 d5 3. Bd3 Nf6 4. e5 Nfd7 5. Nf3 c5 6. c3 Qb6 7. O-O Nc6 8. Bc2
cxd4 9. cxd4 Nb4 10. Ba4 a5 11. Nc3 Be7 12. a3 Nc6 13. Qd3 f6 14. exf6 Nxf6 15.
Re1 O-O 16. Bc2 Bd7 17. Bg5 Qa6 18. Nb5 Nb4 19. axb4 Bxb5 20. Qe3 Bxb4 21.
Qxe6+ Qxe6 22. Rxe6 h6 23. Bd2 Bxd2 24. Nxd2 Rfe8 25. Rae1 Rxe6 26. Rxe6 Rc8
27. Bd1 Rc1 28. Re1 Be2 29. Rxe2 Rxd1+ 30. Nf1 Rxd4 31. f3 Kf7 32. Kf2 b5 33.
Ne3 g6 34. Nc2 Rc4 35. Ke3 Ke7 36. Nd4 b4 37. Kd3+ Kd7 38. Re5 Rc1 39. Ne2 Rd1+
40. Kc2 Re1 41. Kd2 Rh1 42. h3 Kd6 43. Re3 Nd7 44. Re8 Rh2 45. Nf4 g5 46. Re6+
Kc5 47. Nd3+ Kc4 48. Ne1 Nc5 49. Re2 Rh1 50. Kc2 a4 51. b3+ Nxb3 0-1

[Event "XXIX Miedzynarodowy Festiwal Szachowy CRACOVIA-2018 Grupa B"]
[Site "Krakow, Hotel Galaxy, ul. Gesia 22a"]
[Date "2018.12.28"]
[Round "2.44"]
[White "Pastuszko, Kinga"]
[Black "Kozlowski, Michal"]
[Result "1-0"]
[WhiteElo "2029"]
[BlackElo "1812"]
[PlyCount "81"]
[EventDate "2018.??.??"]

1. e4 c5 2. Nf3 Nc6 3. d4 cxd4 4. Nxd4 e5 5. Nb5 d6 6. N1c3 a6 7. Na3 Be7 8.
Be3 Nf6 9. Nc4 b5 10. Bb6 Qd7 11. Ne3 O-O 12. Ned5 Nxd5 13. Nxd5 Bb7 14. Be2
Nd4 15. Bxd4 Bxd5 16. Bxe5 Bxe4 17. Bxg7 Kxg7 18. Qd4+ Bf6 19. Qxe4 Rae8 20.
Qf3 Bxb2 21. Rb1 Be5 22. O-O Qe6 23. Rb4 f5 24. Bd3 Qh6 25. h3 Qe6 26. Qb7+ Re7
27. Qxa6 f4 28. Qxb5 Qxa2 29. Rfb1 Qe6 30. Qc6 Rff7 31. Bc4 Qf5 32. Bxf7 Rxf7
33. Rb7 Rxb7 34. Rxb7+ Kh6 35. c4 Qc2 36. Qd7 Qd1+ 37. Kh2 Qd3 38. c5 f3+ 39.
g3 Qg6 40. Qa4 Qf6 41. Qe4 1-0

[Event "XXIX Miedzynarodowy Festiwal Szachowy CRACOVIA-2018 Grupa B"]
[Site "Krakow, Hotel Galaxy, ul. Gesia 22a"]
[Date "2018.12.28"]
[Round "2.45"]
[White "Butyrowski, Marcel"]
[Black "Barchuk, Irina"]
[Result "1-0"]
[WhiteElo "1802"]
[BlackElo "2023"]
[PlyCount "95"]
[EventDate "2018.??.??"]

1. Nf3 g6 2. d4 Nf6 3. c4 Bg7 4. Nc3 O-O 5. g3 d6 6. Bg2 Nc6 7. O-O Bf5 8. d5
Na5 9. Nd2 c6 10. e4 Bg4 11. f3 Bd7 12. Rb1 cxd5 13. cxd5 b5 14. b4 Qc7 15. Bb2
Nc4 16. Nxc4 Qxc4 17. a3 a5 18. bxa5 Rxa5 19. Qd2 Qc5+ 20. Kh1 Qb6 21. Rfc1 h5
22. Ne2 e5 23. dxe6 Bxe6 24. Bd4 Qa6 25. Qb2 Ne8 26. Bxg7 Nxg7 27. Nd4 Bc4 28.
Ra1 Ra8 29. Nc2 Ne6 30. Nb4 Qb6 31. Rd1 Nc5 32. f4 Re8 33. Qd4 h4 34. gxh4 Qc7
35. h5 Nb3 36. Qc3 Qc5 37. h6 Kf8 38. h7 Ke7 39. h8=Q Rxh8 40. Qxh8 Nxa1 41.
Qxa1 Ra8 42. e5 d5 43. Qc3 Qf2 44. Nxd5+ Kf8 45. e6 Kg8 46. exf7+ Kxf7 47. Qf6+
Kg8 48. Ne7+ 1-0

[Event "XXIX Miedzynarodowy Festiwal Szachowy CRACOVIA-2018 Grupa B"]
[Site "Krakow, Hotel Galaxy, ul. Gesia 22a"]
[Date "2018.12.28"]
[Round "2.46"]
[White "Holzleithner, Johannes"]
[Black "Kostecka, Marika"]
[Result "0-1"]
[WhiteElo "2008"]
[BlackElo "1808"]
[PlyCount "54"]
[EventDate "2018.??.??"]

1. e4 {[%emt 0:00:00]} c5 {[%emt 0:00:00]} 2. Be2 d6 3. d3 Nc6 4. f4 e5 5. Nf3
Nf6 6. O-O Be7 7. c3 O-O 8. Qe1 Re8 9. f5 d5 10. Nbd2 Qb6 11. Kh1 h6 12. Qg3
Nh5 13. Qg4 Nf4 14. exd5 h5 15. Nc4 hxg4 16. Nxb6 axb6 17. Bxf4 exf4 18. dxc6
gxf3 19. Bxf3 Bxf5 20. cxb7 Rab8 21. Bc6 Red8 22. Rxf4 Bxd3 23. Re1 Ba6 24. h3
Bf6 25. Rxf6 gxf6 26. Re7 Bc4 27. Rc7 Bd5 0-1

[Event "XXIX Miedzynarodowy Festiwal Szachowy CRACOVIA-2018 Grupa B"]
[Site "Krakow, Hotel Galaxy, ul. Gesia 22a"]
[Date "2018.12.28"]
[Round "2.47"]
[White "Raclawicki, Kacper"]
[Black "Niedbala, Bartlomiej"]
[Result "0-1"]
[WhiteElo "1794"]
[BlackElo "1973"]
[PlyCount "90"]
[EventDate "2018.??.??"]

1. d4 Nf6 2. Nf3 g6 3. c4 Bg7 4. g3 O-O 5. Bg2 d6 6. O-O Nc6 7. Nc3 a6 8. e4 e5
9. dxe5 Nxe5 10. Nxe5 dxe5 11. Bg5 c6 12. Qc2 Be6 13. Rad1 Qe7 14. Na4 b5 15.
Nb6 Rab8 16. c5 h6 17. Bxf6 Bxf6 18. b4 Rfd8 19. a4 Rxd1 20. Rxd1 Rd8 21. Kf1
Rxd1+ 22. Qxd1 Qd8 23. Bf3 Qxd1+ 24. Bxd1 Bg5 25. Ke2 Bc1 26. Kd3 Bb2 27. Na8
Kf8 28. Nc7 Bc8 29. Bb3 Ke7 30. Na8 Bd4 31. f3 h5 32. Nb6 Bh3 33. axb5 axb5 34.
Nd5+ cxd5 35. exd5 Bf5+ 36. Ke2 Bc3 37. d6+ Kd7 38. Bxf7 Bxb4 39. h3 Bxc5 40.
g4 hxg4 41. hxg4 Bb1 42. Kd2 Kxd6 43. Kc1 Bd3 44. Kd2 Ke7 45. Ba2 Bc4 0-1

[Event "XXIX Miedzynarodowy Festiwal Szachowy CRACOVIA-2018 Grupa B"]
[Site "Krakow, Hotel Galaxy, ul. Gesia 22a"]
[Date "2018.12.28"]
[Round "2.49"]
[White "Alothman, Abdul Wahab"]
[Black "Jedynak, January"]
[Result "1/2-1/2"]
[WhiteElo "1965"]
[BlackElo "1759"]
[PlyCount "64"]
[EventDate "2018.??.??"]

1. d4 d5 2. Nf3 e6 3. c4 c6 4. Nc3 Nf6 5. e3 Nbd7 6. Bd3 dxc4 7. Bxc4 b5 8. Bd3
a6 9. e4 c5 10. e5 cxd4 11. Nxb5 axb5 12. exf6 gxf6 13. Be4 Rb8 14. Nxd4 Ne5
15. O-O Bb7 16. Bxb7 Rxb7 17. Ne2 Bd6 18. Bf4 Rg8 19. Qb3 Qa8 20. Rad1 Rd7 21.
Bg3 b4 22. Nd4 Ke7 23. Nb5 Bc5 24. Rxd7+ Nxd7 25. Rd1 Qc6 26. Nd4 Qe4 27. Qd3
Qd5 28. Nb3 Qxd3 29. Rxd3 e5 30. Kf1 Bd6 31. f3 Ra8 32. Nc1 Rc8 1/2-1/2

[Event "XXIX Miedzynarodowy Festiwal Szachowy CRACOVIA-2018 Grupa B"]
[Site "Krakow, Hotel Galaxy, ul. Gesia 22a"]
[Date "2018.12.28"]
[Round "2.51"]
[White "Hasterok, Mateusz"]
[Black "Kruczynski, Marek"]
[Result "1-0"]
[WhiteElo "1884"]
[BlackElo "1744"]
[PlyCount "57"]
[EventDate "2018.??.??"]

1. d4 Nf6 2. c4 c5 3. d5 b5 4. cxb5 e6 5. Nc3 Bb7 6. e4 exd5 7. exd5 d6 8. Nf3
Be7 9. Bc4 O-O 10. O-O a6 11. Re1 Nbd7 12. bxa6 Bc8 13. Bb5 Ra7 14. Qe2 Nb8 15.
Nd2 Bxa6 16. Nde4 Qb6 17. a4 Nxe4 18. Qxe4 Bf6 19. Bf4 Bxc3 20. bxc3 Bxb5 21.
axb5 Rxa1 22. Rxa1 Qxb5 23. Bxd6 Re8 24. Qb1 Qxb1+ 25. Rxb1 Nd7 26. f3 Rc8 27.
c4 f5 28. Rb7 Nf6 29. Be7 1-0

[Event "XXIX Miedzynarodowy Festiwal Szachowy CRACOVIA-2018 Grupa B"]
[Site "Krakow, Hotel Galaxy, ul. Gesia 22a"]
[Date "2018.12.28"]
[Round "2.52"]
[White "Zaboklicki, Zbigniew"]
[Black "Koziorowicz, Michal"]
[Result "1/2-1/2"]
[WhiteElo "1742"]
[BlackElo "1872"]
[PlyCount "70"]
[EventDate "2018.??.??"]

1. d4 Nf6 2. Nf3 c5 3. d5 b5 4. a4 b4 5. c4 bxc3 6. Nxc3 g6 7. e4 d6 8. Bb5+
Bd7 9. Be2 Bg7 10. O-O O-O 11. Nd2 Qc8 12. Nc4 Na6 13. e5 Ne8 14. exd6 Nxd6 15.
Nxd6 exd6 16. Bf4 Be5 17. Bxe5 dxe5 18. Ne4 Nb4 19. Rc1 a5 20. Nxc5 Qd8 21.
Nxd7 Qxd7 22. Bc4 Rfd8 23. Re1 f6 24. Qf3 Kg7 25. b3 Rac8 26. h3 Rc5 27. Qe3
Qc7 28. Red1 Rd6 29. f4 Nxd5 30. Bxd5 Rdxd5 31. fxe5 Rxd1+ 32. Rxd1 Rxe5 33.
Qd4 h5 34. Qd7+ Qxd7 35. Rxd7+ Kh6 1/2-1/2

[Event "XXIX Miedzynarodowy Festiwal Szachowy CRACOVIA-2018 Grupa B"]
[Site "Krakow, Hotel Galaxy, ul. Gesia 22a"]
[Date "2018.12.28"]
[Round "2.53"]
[White "Wnek, Filip"]
[Black "Kepowicz, Artur"]
[Result "0-1"]
[WhiteElo "1735"]
[BlackElo "1869"]
[PlyCount "62"]
[EventDate "2018.??.??"]

1. e4 c5 2. Nf3 Nc6 3. d4 cxd4 4. Nxd4 Nf6 5. Nc3 d6 6. f3 e6 7. Bc4 Be7 8. Be3
h5 9. Qd2 a6 10. O-O-O Bd7 11. h3 h4 12. Bg5 Na5 13. Be2 Rc8 14. Rhe1 b5 15.
Bd3 Nc4 16. Bxc4 Rxc4 17. e5 dxe5 18. Rxe5 b4 19. Nce2 Qc7 20. Bf4 Qc8 21. Bg5
Nd5 22. Nf5 f6 23. Rxd5 exd5 24. Nxe7 Kxe7 25. Bf4 Bf5 26. Nd4 Kf7 27. b3 Rxd4
28. Qe2 Rxd1+ 29. Qxd1 Qc6 30. Kb1 Rc8 31. g4 Bxc2+ 0-1

[Event "XXIX Miedzynarodowy Festiwal Szachowy CRACOVIA-2018 Grupa B"]
[Site "Krakow, Hotel Galaxy, ul. Gesia 22a"]
[Date "2018.12.28"]
[Round "2.54"]
[White "Gorecki, Grzegorz"]
[Black "Czyzykiewicz, Rafal"]
[Result "1-0"]
[WhiteElo "1867"]
[BlackElo "1730"]
[PlyCount "71"]
[EventDate "2018.??.??"]

1. d4 Nf6 2. c4 c5 3. e3 g6 4. Nf3 Bg7 5. Bd3 cxd4 6. exd4 d5 7. Be3 O-O 8. O-O
Bg4 9. Nbd2 dxc4 10. Bxc4 Nc6 11. h3 Bxf3 12. Nxf3 e6 13. Rc1 a6 14. a3 Rc8 15.
b4 Ne7 16. Qd3 Ned5 17. Rfd1 Qd6 18. Rc2 Nxe3 19. fxe3 b5 20. Bb3 Rxc2 21. Qxc2
Nd5 22. Bxd5 Qxd5 23. Rc1 Bh6 24. Kf2 Bg7 25. Qd3 Rd8 26. Qc2 e5 27. dxe5 h5
28. Qc3 Qe4 29. Qc7 Rd3 30. Qc5 Rxa3 31. Qc8+ Bf8 32. Re1 Qxb4 33. Re2 Kg7 34.
Qd7 Qc4 35. Nd4 Qc5 36. Ne6+ 1-0